00445nam a22001577a 450000500170000001000150001702000260003203500150005803700140007308200110008710000170009824500550011526000360017027000550020630000260026120181011114427.0 aENG-124233 a9789350578773c175.00 a EN-107765 bDBAD/PUB. a395.52 aGupta, Seema aManners & etiquette @ work place /cby Seema Gupta aNew DelhibV&S Publishersc2017 aF-2/16, Ansari Road, Daryaganj,bNew Delhie110002 a71p.c21cm(pbk)bill.